000
00143nam a22000857a 4500
082
_a
823
100
_a
REV W AWDLY
245
_a
FERGUS
942
_c
BK
999
_c
8318
_d
8318